| 000 | 00790nam a22002177a 4500 | ||
|---|---|---|---|
| 003 | 0 | ||
| 005 | 20250926161126.0 | ||
| 008 | 250926b xxu||||| |||| 00| 0 eng d | ||
| 020 | _a978-1-032-25375-6 | ||
| 050 |
_aHD 30.255 _b.S87 2023 |
||
| 245 |
_aSustainable management : _ba complete guide for faculty and students / _cedited by Petra Molthan-Hill. |
||
| 250 | _aThird edition. | ||
| 260 |
_aNew York, NY : _bRoutledge, _c2023. |
||
| 300 |
_axxiv, 595 pages : _billustrations ; _c24 cm. |
||
| 504 | _aIncludes bibliographical references and index. | ||
| 650 |
_aSustainable development _xManagement. |
||
| 650 |
_aIndustrial management _xEnvironmental aspects. |
||
| 650 | _aSocial responsibility of business. | ||
| 650 | _aSustainability in management education. | ||
| 942 |
_2lcc _cBK |
||
| 999 |
_c368118 _d368118 |
||